000 00678nam a22002297a 4500
005 20260427152041.0
008 260427b |||||||| |||| 00| 0 eng d
020 _a9788194776529
040 _cAL
041 _aEnglish
082 _a342
_bSEEC
100 _aH M Seervai
_9262906
245 _aConstitutional law of India
_b: a critical commentary Vol 3
250 _a4.
260 _aNew Delhi
_bLaw and Justice Publishing Co
_c2025
300 _axxvii,2241-3273p.
_bHB
_c25x16 cm.
365 _a1368
_b₹777.22
_c
_d₹1748.75
_e25%
_f21-03-2026
440 _aVol 3
_9262907
650 _aLaw
_9262902
650 _aIndian Constitutional Law
_9262903
942 _2ddc
_cBK
999 _c241368
_d241368